Kỹ thuật mạch điện tử /
Phân tích mạch điện tử. Cung cấp và ổn định chế độ công tác cho các tầng dùng Tranzistor. Các sơ đồ cơ bản của tầng khuếch đại tín hiệu nhỏ dùng Tranzistor và mạch ghép giữa các tầng...
محفوظ في:
| المؤلف الرئيسي: | |
|---|---|
| التنسيق: | كتاب |
| اللغة: | Vietnamese |
| منشور في: |
Hà Nội :
Khoa học và kỹ thuật,
1997.
|
| الموضوعات: | |
| الوسوم: |
إضافة وسم
لا توجد وسوم, كن أول من يضع وسما على هذه التسجيلة!
|
| Thư viện lưu trữ: | Mạng thư viện Đại học Đà Nẵng |
|---|
| LEADER | 01066cam a2200337 i 4500 | ||
|---|---|---|---|
| 001 | 000044890 | ||
| 003 | 3398 | ||
| 005 | 20030917103350.0 | ||
| 008 | 010309b1997 vm 000 vie | ||
| 020 | |c 42000 | ||
| 022 | |a T1.3 | ||
| 040 | |a IRC |c IRC |d IRC | ||
| 041 | 0 | |a vie | |
| 082 | 1 | 4 | |a 621.381 |b PH-H |
| 100 | 1 | |a Phạm Minh Hà. | |
| 245 | 0 | 0 | |a Kỹ thuật mạch điện tử / |c Phạm Minh Hà. |
| 260 | |a Hà Nội : |b Khoa học và kỹ thuật, |c 1997. | ||
| 300 | |a 440tr. ; |c 27cm. | ||
| 520 | 3 | |a Phân tích mạch điện tử. Cung cấp và ổn định chế độ công tác cho các tầng dùng Tranzistor. Các sơ đồ cơ bản của tầng khuếch đại tín hiệu nhỏ dùng Tranzistor và mạch ghép giữa các tầng... | |
| 630 | 0 | 4 | |a Điện tử. |
| 650 | 0 | 4 | |a Điện tử |x Mạch. |
| OWN | |a DUT | ||
| 999 | |a From the UDN01 | ||
| TYP | |a Monograph | ||
| TYP | |a Printed language | ||
| 980 | |a Mạng thư viện Đại học Đà Nẵng | ||